Klastre a regionálne bariéry podnikania v SR

Klastrové iniciatívy. Prehľad kórejských spoločností, ktoré nasledovali investíciu spoločnosti Kia Motors na Slovensku. Geografická koncentrácia automobilového priemyslu v okolí Žiliny. Koncentrácia automobilového priemyslu v Žilinskom kraji vyjadrená koeficientom lokalizácie.

Salvato in:
Dettagli Bibliografici
Autore principale: Buček, Milan
Natura: Capitolo di libro
Lingua:slovacco
Soggetti:
Tags: Aggiungi Tag
Nessun Tag, puoi essere il primo ad aggiungerne!!

MARC

LEADER 00000nla$a2200000$$$4500
001 0082738
005 20240502071929.2
041 0 |a slo 
044 |a SK 
245 1 0 |a Klastre a regionálne bariéry podnikania v SR  |c Milan Buček 
520 |a Klastrové iniciatívy. Prehľad kórejských spoločností, ktoré nasledovali investíciu spoločnosti Kia Motors na Slovensku. Geografická koncentrácia automobilového priemyslu v okolí Žiliny. Koncentrácia automobilového priemyslu v Žilinskom kraji vyjadrená koeficientom lokalizácie. 
610 2 0 |a klaster 
610 2 0 |a spolupráca podnikov 
610 2 0 |a kooperácia 
610 2 0 |a regióny 
610 2 0 |a priemysel automobilový 
610 2 0 |a konkurencieschopnosť 
610 2 0 |a Slovensko 
100 1 |a Buček, Milan